Matt Schiavone

Purdue A


Categories

Science - Chemistry0111110548102.3604
Science - Physics05025065120.0002
Literature - European Literature030030122134.6700
Science - Other Science020220135137.5000
Social Science020020111124.5000
Mythology0200201740.5012
Science - Biology032120117120.3300
Fine Arts - Painting & Sculpture010010119119.0000
History - Other History0140-107474.0001

Buzzes

Mythologyhelmets1017
Science - Chemistryorganic synthesis1048
History - Other Historygens Claudia-550
History - Other HistoryArabia-555
Mythologyhaving a strong scent1064
Science - Physicsshear stress1065
Science - Chemistryheat exchangers1065
History - Other HistoryLatins-569
History - Other HistoryThessalonica1074
Science - Chemistrycyclobutane1088